000 00704cam a22002533a 4500
001 16041
003 PGUSA
005 20140828083337.0
008 050611s2005||||xxu|||||s|||||000 1 eng d
040 _aPGUSA
_beng
042 _adc
050 4 _aPS
100 1 _aMacGrath, Harold,
_d1871-1932
245 1 4 _aThe Grey Cloak
_h[electronic resource] /
_cHarold MacGrath
260 _bProject Gutenberg,
_c2005
506 _aPublic domain in the USA.
516 _aElectronic text
653 _aHistorical fiction
653 _aAdventure stories
700 1 _aPeirce, Thomas Mitchell,
_d1865-
830 0 _aProject Gutenberg
_v16041
856 4 0 _uhttp://www.gutenberg.org/ebooks/16041
942 _cEB
999 _c245296
_d245296